000 00553nam a2200229Ia 4500
008 210210b2012 xxu||||| |||| 00| 0 eng d
020 _a9788126150618
041 _aeng
082 _a327 MALI
100 _aMALHOTRA (Vinay Kumar)
245 _aInternational relations Rev Ed 4
250 _a
260 _aNew Delhi
_bAnmol Publications Pvt. Ltd.
_c2012
300 _axviii,514
650 _aRev
650 _arelations
650 _aInternational
650 _aEd
650 _a4
690 _aInternational Relations
906 _a066857
999 _c149309
_d149309